000
00296nam a22001097a 4500
008
230619b xxu||||| |||| 00| 0 eng d
082
_a
263.92
_b
CJPC
245
_a
Do not be Afraid... Act Now!
260
_a
Nairobi,Kenya
_b
Catholic Justice and Peace Mission
_c
2005
300
_a
55p
942
_2
ddc
_c
BK
999
_c
1355
_d
1355